Statistiques concernant Culture Générale - Série 864

Cliquez ici pour prendre le quiz!

Statistiques générales

  • Ce quiz a été pris 94 fois
  • Le résultat moyen est 6 sur 10

Statistiques - réponses

QuestionRéponse% Correct
Dans quelle ville européenne peut-on assister à des concerts au Queen Elizabeth Hall et au Royal Albert Hall ?Londres
97%
A Wall Street, en quelle année eut lieu le krach boursier du jeudi 24 octobre, qui entraîna une crise économique mondiale ?1929
89%
Un célèbre conte de Charles Perrault s'intitule "Le Maître Chat ou le Chat...botté
89%
A quel groupe de rock britannique doit-on les tubes : "You're My Best Friend" et "We Are The Champions" ?Queen
89%
En 1930, dans quelle chanson Joséphine Baker célèbre-t-elle son pays et Paris ?J'ai deux amours
54%
C'est un célèbre cabaret parisien ou une petite île vénitienne.lido
44%
Quelle est cette grande île indonésienne située à l'ouest de Java et dont Medan est la ville principale ?Sumatra
40%
Quel homme politique français fut le premier président de la IIIe République, en 1871 ?Adolphe Thiers
25%
Outil agricole très ancien qui sert à labourer la terre et qui est adapté au travail des terres légères ou peu profondes.araire
21%
Quel animal marin est le "caret" ?tortue
17%

Distribution des résultats

Percentile par nombre de réponses

% des personnes avec chaque résultat

Votre développement - résultats

Vous n’avez pas pris ce quiz